00647nam a2200217Ia 4500003000400000005001700004008004100021020001800062041000800080082002500088100002200113245002300135260004100158300002000199500001200219500001000231700001400241942001200255999001900267952014300286OSt20260108163534.0251219s9999 xx 000 0 und d a9788184956023 aeng a338.4797bFRI DB3271 aFritz J M9215991 aHumpi Vijayanagara bJaico Publication House/Mumbaic2017 a157bPaper Back aTourism aHampi 4Michell G 2ddccDB c369525d369525 00102ddc4070aHIMRbHIMRd2025-12-12g499.00l0o338.4797 FRI DB3271pHIMR-DB-3271r2025-12-23 13:15:00v499.00w2025-12-23yDBzDB3271